| 000 | 01078cam a2200145 4500500 | ||
|---|---|---|---|
| 005 | 20260405022520.0 | ||
| 041 | _afre | ||
| 042 | _adc | ||
| 100 | 1 | 0 |
_aHaouzir, Sadeq _eauthor |
| 700 | 1 | 0 |
_aBernoussi, Amal _eauthor |
| 245 | 0 | 0 | _aLes schizophrénies : De la naissance du concept aux avancées neuroscientifiques actuelles |
| 260 |
_bDunod,
_c2020. |
||
| 520 | _aLes schizophrénies, qui recouvrent une grande hétérogénéité clinique, représentent un ensemble de pathologies particulièrement difficile à appréhender, du fait notamment de la multiplicité de ses interprétations.Sans parti pris théorique ni simplification, cet ouvrage en aborde les différents aspects, de la clinique aux principes thérapeutiques, et remet en perspective les diverses conceptions et explications (historique, psychopathologique, neurobiologique, cognitive). Cette 4e édition prend en compte les avancées thérapeutiques et les évolutions des prises en charge. | ||
| 856 | 4 | 1 | _uhttps://shs.cairn.info/les-schizophrenies--9782100788521?lang=fr&redirect-ssocas=7080 |
| 999 |
_c2132640 _d2132640 |
||